[Event "Turkish Women-ch Arzum 2022"]
[Site "Ayvalik"]
[Date "2022.03.07"]
[Round "4.11"]
[White "Tanir, Simay"]
[Black "Gur, Tuba"]
[Result "1/2-1/2"]
[WhiteElo "1510"]
[BlackElo "1750"]
[Annotator "NA RC"]
[PlyCount "91"]
[EventDate "2022.03.04"]
[EventType "swiss"]
[EventCountry "TUR"]
[SourceTitle "playchess.com"]
[Source "ChessBase"]
[SourceQuality "1"]
[TimeControl "5400+30"]

1. d4 {[%emt 0:01:00]} d5 {[%emt 0:01:00]} 2. c4 {[%emt 0:00:30]} e6 {[%emt 0:00:30]} 3. Nc3 {[%emt 0:00:30]} Nf6 {[%emt 0:00:00]} 4. cxd5 {[%emt 0:00:00]} exd5 {[%emt 0:00:00]} 5. Bg5 {[%emt 0:00:00]} c6 {[%emt 0:00:00]} 6. e3 {[%emt 0:00:00]} Bf5 {[%emt 0:00:00]} 7. Qf3 {[%emt 0:12:00]} Bg6 {[%emt 0:00:30]} 8. Bxf6 {[%emt 0:00:30]} Qxf6 {[%emt 0:00:00]} 9. Qxf6 {[%emt 0:00:30]} gxf6 {[%emt 0:00:00]} 10. h4 {[%emt 0:03:30]} h5 {[%emt 0:01:30]} 11. Nh3 {[%emt 0:05:30]} Nd7 {[%emt 0:03:30]} 12. Nf4 {[%emt 0:02:30]} Bd6 {[%emt 0:00:30]} 13. g3 {[%emt 0:01:30]} Nf8 {[%emt 0:07:30]} 14. Bh3 {[%emt 0:03:30]} f5 {[%emt 0:16:30]} 15. Kd2 {[%emt 0:08:30]} Ne6 {[%emt 0:03:30]} 16. a3 {[%emt 0:05:30]} Kd7 {[%emt 0:09:30]} 17. b4 {[%emt 0:02:30]} b5 {[%emt 0:09:30]} 18. Nd3 {[%emt 0:03:30]} a5 {[%emt 0:03:30]} 19. Ne2 {[%emt 0:07:30]} Rhb8 {[%emt 0:16:30]} 20. Kc3 {[%emt 0:03:30]} Ra7 {[%emt 0:06:30]} 21. Kb2 {[%emt 0:06:30]} Rba8 {[%emt 0:02:38]} 22. Rhc1 {[%emt 0:02:30]} Kc7 {[%emt 0:06:27]} 23. Bg2 {[%emt 0:11:30]} axb4 {[%emt 0:06:30]} 24. axb4 {[%emt 0:00:16]} Rxa1 {[%emt 0:00:55]} 25. Rxa1 {[%emt 0:00:30]} Rxa1 {[%emt 0:00:30]} 26. Kxa1 {[%emt 0:00:00]} f4 {[%emt 0:00:00]} 27. Nexf4 {[%emt 0:00:41]} Nxf4 {[%emt 0:00:00]} 28. Nxf4 {[%emt 0:00:03]} Bxb4 {[%emt 0:00:00]} 29. Bxd5 {[%emt 0:05:29]} Be1 {[%emt 0:00:43]} 30. Nxg6 {[%emt 0:04:35]} fxg6 {[%emt 0:00:30]} 31. Bf7 {[%emt 0:00:30]} Bxf2 {[%emt 0:00:00]} 32. Bxg6 {[%emt 0:00:00]} Bxe3 {[%emt 0:00:10]} 33. Bxh5 {[%emt 0:00:00]} Bxd4+ {[%emt 0:00:00]} 34. Ka2 {[%emt 0:00:13]} Bf2 {[%emt 0:00:00]} 35. Be2 {[%emt 0:00:57]} Bxg3 {[%emt 0:00:14]} 36. h5 {[%emt 0:00:00]} Bf4 {[%emt 0:06:06]} 37. Kb3 {[%emt 0:00:23]} Kd6 {[%emt 0:00:56]} 38. Kb4 {[%emt 0:01:36]} Bd2+ {[%emt 0:00:56]} 39. Kb3 {[%emt 0:00:11]} Kc5 {[%emt 0:00:29]} 40. Bf3 {[%emt 0:00:37]} Kb6 {[%emt 0:00:36]} 41. Bg2 {[%emt 0:01:50]} c5 {[%emt 0:01:38]} 42. Bf1 {[%emt 0:00:25]} Kc6 {[%emt 0:00:46]} 43. Bg2+ {[%emt 0:01:05]} Kd6 {[%emt 0:00:54]} 44. Bf1 {[%emt 0:00:09]} c4+ {[%emt 0:00:18]} 45. Bxc4 {[%emt 0:00:09]} bxc4+ {[%emt 0:00:31]} 46. Kxc4 {[%emt 0:00:30]} 1/2-1/2

[Event "Turkish Women-ch Arzum 2022"]
[Site "Ayvalik"]
[Date "2022.03.07"]
[Round "4.12"]
[White "Gulceken, Sumeyye"]
[Black "Bese, Irem"]
[Result "0-1"]
[WhiteElo "1591"]
[BlackElo "1714"]
[Annotator "NA RC"]
[PlyCount "56"]
[EventDate "2022.03.04"]
[EventType "swiss"]
[EventCountry "TUR"]
[SourceTitle "playchess.com"]
[Source "ChessBase"]
[SourceQuality "1"]
[TimeControl "5400+30"]

1. d4 {[%emt 0:02:00]} d5 {[%emt 0:01:00]} 2. c4 {[%emt 0:00:30]} e6 {[%emt 0:00:00]} 3. Nf3 {[%emt 0:00:00]} Nf6 {[%emt 0:00:00]} 4. Nc3 {[%emt 0:00:00]} Bb4 {[%emt 0:00:30]} 5. e3 {[%emt 0:00:00]} Ne4 {[%emt 0:00:30]} 6. Qc2 {[%emt 0:00:00]} c6 {[%emt 0:01:30]} 7. a3 {[%emt 0:01:30]} Bxc3+ {[%emt 0:01:30]} 8. bxc3 {[%emt 0:00:30]} O-O {[%emt 0:00:30]} 9. Bd3 {[%emt 0:00:30]} f5 {[%emt 0:00:00]} 10. O-O {[%emt 0:00:30]} Nd7 {[%emt 0:00:00]} 11. a4 {[%emt 0:04:30]} Rf6 {[%emt 0:08:30]} 12. cxd5 {[%emt 0:03:30]} exd5 {[%emt 0:03:30]} 13. c4 {[%emt 0:04:30]} Rh6 {[%emt 0:08:30]} 14. cxd5 {[%emt 0:07:30]} cxd5 {[%emt 0:02:30]} 15. Qb3 {[%emt 0:01:30]} Nf8 {[%emt 0:08:30]} 16. Ne5 {[%emt 0:12:30]} Qh4 {[%emt 0:07:30]} 17. h3 {[%emt 0:03:30]} Ng5 {[%emt 0:10:30]} 18. Rd1 {[%emt 0:30:30]} Be6 {[%emt 0:08:30]} 19. Kf1 {[%emt 0:04:30]} Ng6 {[%emt 0:08:30]} 20. Qxb7 {[%emt 0:04:45]} Re8 {[%emt 0:04:30]} 21. Bb5 {[%emt 0:03:48]} Nxe5 {[%emt 0:06:06]} 22. dxe5 {[%emt 0:01:18]} Ne4 {[%emt 0:01:22]} 23. Ra2 {[%emt 0:02:25]} Rd8 {[%emt 0:03:04]} 24. Rb2 {[%emt 0:03:05]} f4 {[%emt 0:01:40]} 25. exf4 {[%emt 0:01:15]} Bxh3 {[%emt 0:01:06]} 26. Ke1 {[%emt 0:07:39]} Bg4 {[%emt 0:02:18]} 27. Rxd5 {[%emt 0:00:52]} Qh1+ {[%emt 0:00:44]} 28. Bf1 {[%emt 0:00:30]} Qxf1+ {[%emt 0:00:00]} 0-1

[Event "Turkish Women-ch Arzum 2022"]
[Site "Ayvalik"]
[Date "2022.03.07"]
[Round "4.13"]
[White "Keskinler, Ela"]
[Black "Yurdakul, Didem Nuray"]
[Result "1-0"]
[WhiteElo "1400"]
[BlackElo "1804"]
[Annotator "NA RC"]
[PlyCount "87"]
[EventDate "2022.03.04"]
[EventType "swiss"]
[EventCountry "TUR"]
[SourceTitle "playchess.com"]
[Source "ChessBase"]
[SourceQuality "1"]
[TimeControl "5400+30"]

1. e4 {[%emt 0:01:00]} c5 {[%emt 0:01:00]} 2. c3 {[%emt 0:00:00]} d5 {[%emt 0:00:30]} 3. exd5 {[%emt 0:00:00]} Qxd5 {[%emt 0:00:30]} 4. d4 {[%emt 0:00:00]} g6 {[%emt 0:00:00]} 5. Na3 {[%emt 0:01:00]} Bg7 {[%emt 0:00:00]} 6. Nb5 {[%emt 0:01:30]} Na6 $1 {[%emt 0:00:30]} 7. Be3 {[%emt 0:00:30]} cxd4 {[%emt 0:00:30]} 8. Bxd4 {[%emt 0:01:30]} Nf6 {[%emt 0:03:30]} 9. Bxa7 {[%emt 0:01:30]} Qc6 {[%emt 0:01:30]} 10. Be3 {[%emt 0:02:30]} O-O {[%emt 0:01:30]} 11. Nf3 {[%emt 0:01:30]} Bg4 {[%emt 0:00:00]} (11... Ng4 $11) 12. Nbd4 {[%emt 0:01:30]} (12. h3 $5 {[%cal Rh3g4]} Rfd8 13. Nbd4 Bxf3 14. Qxf3 Qxf3 15. Nxf3 $14) 12... Qc7 {[%emt 0:01:00]} 13. h3 {[%emt 0:00:30]} Bd7 {[%emt 0:01:30]} 14. Be2 {[%emt 0:02:30]} Rfd8 {[%emt 0:00:30]} 15. Qc1 {[%emt 0:02:30]} Nd5 {[%emt 0:07:30]} 16. O-O {[%emt 0:02:30]} Nc5 {[%emt 0:08:30]} 17. Rd1 {[%emt 0:04:30]} Ne4 {[%emt 0:05:30]} (17... Be8 $11 {is more appropriate.}) 18. Bd3 {[%emt 0:03:30]} (18. Nb5 $16 Bxb5 19. Bxb5) 18... Nef6 {[%emt 0:01:30]} 19. Nb5 {[%emt 0:07:30]} Qc8 {[%emt 0:03:30]} 20. Ne5 {[%emt 0:08:30]} Nxe3 {[%emt 0:01:30]} 21. Qxe3 {[%emt 0:09:30]} Bxb5 {[%emt 0:01:30]} 22. Bxb5 {[%emt 0:00:30]} Rxd1+ $16 {[%emt 0:00:30]} 23. Rxd1 {[%emt 0:00:00]} e6 {[%emt 0:05:30]} 24. Bc4 {[%emt 0:04:00]} Nd5 {[%emt 0:06:30]} 25. Bxd5 {[%emt 0:03:30]} exd5 {[%emt 0:02:30]} 26. a3 {[%emt 0:00:30]} Qe6 {[%emt 0:00:30]} 27. Ng4 {[%emt 0:00:30]} Qc6 {[%emt 0:01:30]} 28. Qf3 {[%emt 0:01:30]} Qb6 {[%emt 0:01:30]} 29. Rd2 {[%emt 0:04:30]} h5 {[%emt 0:00:30]} 30. Ne3 {[%emt 0:01:30]} d4 {[%emt 0:00:30]} 31. cxd4 {[%emt 0:04:30]} Bxd4 {[%emt 0:00:30]} 32. Nd5 {[%emt 0:01:30]} Qc5 {[%emt 0:01:30]} 33. Qd1 {[%emt 0:01:30]} Be5 {[%emt 0:02:30]} 34. Nb4 {[%emt 0:01:30]} Bf6 {[%emt 0:02:30]} 35. Rc2 {[%emt 0:02:30]} Qf5 {[%emt 0:00:30]} 36. Qd5 {[%emt 0:00:30]} Be5 {[%emt 0:03:30]} 37. Qxb7 {[%emt 0:02:30]} Rd8 {[%emt 0:02:30]} 38. Qf3 {[%emt 0:00:30]} Qd7 {[%emt 0:00:30]} 39. g4 {[%emt 0:01:30]} hxg4 {[%emt 0:01:30]} 40. Qxg4 {[%emt 0:00:30]} Qb7 {[%emt 0:01:30]} 41. Nc6 {[%emt 0:01:30]} Qb3 {[%emt 0:01:30]} 42. Qe2 {[%emt 0:01:30]} Re8 {[%emt 0:01:30]} 43. Nxe5 {[%emt 0:00:30]} Rxe5 {[%emt 0:00:00]} 44. Rc8+ {[%emt 0:00:00]} 1-0

[Event "Turkish Women-ch Arzum 2022"]
[Site "Ayvalik"]
[Date "2022.03.07"]
[Round "4.14"]
[White "Zengin, Ovgu"]
[Black "Akin, Duru"]
[Result "1/2-1/2"]
[WhiteElo "1475"]
[BlackElo "1563"]
[Annotator "NA RC"]
[PlyCount "51"]
[EventDate "2022.03.04"]
[EventType "swiss"]
[EventCountry "TUR"]
[SourceTitle "playchess.com"]
[Source "ChessBase"]
[SourceQuality "1"]
[TimeControl "5400+30"]

1. e4 {[%emt 0:04:00]} c5 {[%emt 0:01:00]} 2. Nf3 {[%emt 0:00:30]} d6 {[%emt 0:00:00]} 3. Bb5+ {[%emt 0:00:30]} Bd7 {[%emt 0:00:00]} 4. Bxd7+ {[%emt 0:00:30]} Qxd7 {[%emt 0:00:00]} 5. c4 {[%emt 0:00:30]} Nc6 {[%emt 0:00:00]} 6. d4 {[%emt 0:02:30]} cxd4 {[%emt 0:00:30]} 7. Nxd4 {[%emt 0:00:00]} Nf6 {[%emt 0:00:00]} 8. Nc3 {[%emt 0:01:00]} g6 {[%emt 0:00:00]} 9. f3 {[%emt 0:05:30]} Bg7 {[%emt 0:00:30]} 10. Be3 {[%emt 0:00:30]} O-O {[%emt 0:00:30]} 11. O-O {[%emt 0:00:30]} Rfc8 {[%emt 0:00:30]} 12. b3 {[%emt 0:06:30]} e6 {[%emt 0:02:30]} 13. Rc1 {[%emt 0:04:30]} d5 {[%emt 0:05:30]} 14. exd5 {[%emt 0:04:30]} exd5 {[%emt 0:00:30]} 15. Nxc6 {[%emt 0:04:30]} bxc6 {[%emt 0:00:30]} 16. cxd5 {[%emt 0:01:30]} cxd5 {[%emt 0:00:30]} 17. Bd4 {[%emt 0:01:30]} Rd8 {[%emt 0:01:30]} 18. Qd3 {[%emt 0:05:30]} Ne8 {[%emt 0:15:30]} 19. Rfd1 {[%emt 0:06:30]} Rac8 {[%emt 0:09:30]} 20. Bxg7 {[%emt 0:09:30]} Kxg7 {[%emt 0:00:30]} 21. Qd4+ {[%emt 0:02:30]} Kg8 {[%emt 0:01:30]} 22. Rd3 {[%emt 0:03:30]} Qb7 {[%emt 0:06:30]} 23. Rcd1 {[%emt 0:02:30]} Nc7 {[%emt 0:00:30]} 24. Qe5 {[%emt 0:05:30]} Re8 {[%emt 0:00:30]} 25. Qd4 {[%emt 0:01:30]} Rcd8 {[%emt 0:02:30]} 26. Qf2 {[%emt 0:02:30]} 1/2-1/2

[Event "Turkish Women-ch Arzum 2022"]
[Site "Ayvalik"]
[Date "2022.03.07"]
[Round "4.15"]
[White "Aydogan, Arya"]
[Black "Kayis, Gulcan Sena"]
[Result "0-1"]
[WhiteElo "1328"]
[BlackElo "1597"]
[Annotator "NA RC"]
[PlyCount "136"]
[EventDate "2022.03.04"]
[EventType "swiss"]
[EventCountry "TUR"]
[SourceTitle "playchess.com"]
[Source "ChessBase"]
[SourceQuality "1"]
[TimeControl "5400+30"]

1. e4 {[%emt 0:01:00]} e6 {[%emt 0:01:00]} 2. d4 {[%emt 0:00:30]} d5 {[%emt 0:00:00]} 3. Nc3 {[%emt 0:00:30]} Nf6 {[%emt 0:00:00]} 4. e5 {[%emt 0:00:00]} Nfd7 {[%emt 0:00:30]} 5. f4 {[%emt 0:00:00]} c5 {[%emt 0:00:30]} 6. Nf3 {[%emt 0:00:30]} a6 {[%emt 0:00:00]} 7. Be3 {[%emt 0:04:30]} Qb6 {[%emt 0:01:00]} 8. a3 {[%emt 0:02:30]} Nc6 {[%emt 0:00:30]} 9. Be2 {[%emt 0:02:30]} cxd4 {[%emt 0:01:30]} 10. Nxd4 {[%emt 0:00:30]} Bc5 {[%emt 0:01:30]} 11. Na4 {[%emt 0:01:30]} Qa5+ {[%emt 0:00:30]} 12. c3 {[%emt 0:00:00]} Bxd4 {[%emt 0:00:30]} 13. Bxd4 {[%emt 0:01:00]} Nxd4 {[%emt 0:00:30]} 14. Qxd4 {[%emt 0:00:00]} O-O {[%emt 0:00:30]} 15. O-O {[%emt 0:02:00]} Qc7 {[%emt 0:01:30]} 16. b4 {[%emt 0:05:30]} b5 {[%emt 0:02:30]} 17. Nb2 {[%emt 0:00:30]} Bb7 {[%emt 0:01:30]} 18. a4 {[%emt 0:08:30]} Bc6 {[%emt 0:10:30]} 19. Rf3 {[%emt 0:08:30]} f6 {[%emt 0:04:30]} 20. Re3 {[%emt 0:11:30]} Nb6 {[%emt 0:13:30]} 21. a5 {[%emt 0:07:30]} Nd7 {[%emt 0:05:30]} 22. exf6 {[%emt 0:14:30]} Rxf6 {[%emt 0:01:30]} 23. Nd3 {[%emt 0:02:30]} Raf8 {[%emt 0:06:30]} 24. Bg4 {[%emt 0:02:30]} Re8 {[%emt 0:07:30]} 25. Rae1 {[%emt 0:01:30]} Nf8 {[%emt 0:00:30]} 26. g3 {[%emt 0:06:18]} Qc8 {[%emt 0:06:30]} 27. Nc5 {[%emt 0:03:22]} Kf7 {[%emt 0:04:30]} 28. Bh5+ {[%emt 0:04:58]} g6 {[%emt 0:01:30]} 29. Bg4 {[%emt 0:03:05]} Bb7 {[%emt 0:05:30]} 30. h4 {[%emt 0:01:47]} Qc7 {[%emt 0:02:30]} 31. h5 {[%emt 0:00:42]} Bc8 {[%emt 0:01:30]} 32. hxg6+ {[%emt 0:00:33]} hxg6 {[%emt 0:01:03]} 33. Kg2 {[%emt 0:00:47]} Qd8 {[%emt 0:02:13]} 34. Nd3 {[%emt 0:01:28]} Kg8 {[%emt 0:01:26]} 35. Ne5 {[%emt 0:00:48]} Nh7 {[%emt 0:01:41]} 36. Rh1 {[%emt 0:00:28]} Ref8 {[%emt 0:00:24]} 37. Bd1 {[%emt 0:00:34]} g5 {[%emt 0:02:40]} 38. Bc2 {[%emt 0:00:35]} gxf4 {[%emt 0:01:00]} 39. Bxh7+ {[%emt 0:00:11]} Kg7 {[%emt 0:00:00]} 40. gxf4 {[%emt 0:00:30]} Rh8 {[%emt 0:00:25]} 41. Ng4 {[%emt 0:00:48]} e5 {[%emt 0:00:27]} 42. Rxe5 {[%emt 0:00:37]} Bxg4 {[%emt 0:00:51]} 43. Rg5+ {[%emt 0:00:06]} Kf8 {[%emt 0:00:31]} 44. Rxg4 {[%emt 0:00:14]} Qe7 {[%emt 0:00:00]} 45. Qc5 {[%emt 0:01:47]} Rd6 {[%emt 0:00:25]} 46. Bd3 {[%emt 0:00:41]} Rxh1 {[%emt 0:00:59]} 47. Kxh1 {[%emt 0:00:05]} Qe1+ {[%emt 0:00:32]} 48. Qg1 {[%emt 0:00:30]} Rh6+ {[%emt 0:00:00]} 49. Kg2 {[%emt 0:00:25]} Qd2+ {[%emt 0:00:00]} 50. Kf1 {[%emt 0:01:06]} Qxd3+ {[%emt 0:00:31]} 51. Kf2 {[%emt 0:00:33]} Qd2+ {[%emt 0:00:44]} 52. Kf1 {[%emt 0:00:16]} Qc1+ {[%emt 0:00:59]} 53. Kf2 {[%emt 0:00:14]} Qc2+ {[%emt 0:00:24]} 54. Kf1 {[%emt 0:00:12]} Qb1+ {[%emt 0:01:03]} 55. Kf2 {[%emt 0:00:39]} Qb2+ {[%emt 0:00:29]} 56. Kf1 {[%emt 0:00:00]} Qc1+ {[%emt 0:02:55]} 57. Kf2 {[%emt 0:00:00]} Qc2+ {[%emt 0:00:30]} 58. Kf1 {[%emt 0:00:25]} Qd3+ {[%emt 0:00:00]} 59. Kf2 {[%emt 0:00:01]} Qxc3 {[%emt 0:01:57]} 60. Qg2 {[%emt 0:02:40]} Qc2+ {[%emt 0:00:50]} 61. Kf1 {[%emt 0:00:47]} Qd3+ {[%emt 0:00:51]} 62. Kf2 {[%emt 0:00:20]} Qd4+ {[%emt 0:00:18]} 63. Kf1 {[%emt 0:00:18]} Rc6 {[%emt 0:01:22]} 64. Qe2 {[%emt 0:01:51]} Rc1+ {[%emt 0:04:03]} 65. Kg2 {[%emt 0:00:11]} Qg1+ {[%emt 0:00:17]} 66. Kh3 {[%emt 0:00:48]} Qh1+ {[%emt 0:00:04]} 67. Qh2 {[%emt 0:00:34]} Qf3+ {[%emt 0:00:05]} 68. Rg3 {[%emt 0:00:33]} Qh5+ {[%emt 0:00:05]} 0-1

[Event "Turkish Women-ch Arzum 2022"]
[Site "Ayvalik"]
[Date "2022.03.07"]
[Round "4.16"]
[White "Ozer, Melike Busra"]
[Black "Kipik, Feyza"]
[Result "0-1"]
[WhiteElo "1300"]
[BlackElo "1603"]
[Annotator "NA RC"]
[PlyCount "151"]
[EventDate "2022.03.04"]
[EventType "swiss"]
[EventCountry "TUR"]
[SourceTitle "playchess.com"]
[Source "ChessBase"]
[SourceQuality "1"]
[TimeControl "5400+30"]

1. e4 {[%emt 0:01:00]} c5 {[%emt 0:01:00]} 2. Nf3 {[%emt 0:00:00]} e6 {[%emt 0:00:30]} 3. d4 {[%emt 0:00:00]} cxd4 {[%emt 0:00:30]} 4. Nxd4 {[%emt 0:00:00]} Nc6 {[%emt 0:00:00]} 5. c4 {[%emt 0:01:00]} Nf6 {[%emt 0:00:00]} 6. Nc3 {[%emt 0:02:30]} Bb4 {[%emt 0:00:00]} 7. Nxc6 {[%emt 0:05:30]} bxc6 {[%emt 0:01:00]} 8. Bd3 {[%emt 0:00:30]} e5 {[%emt 0:00:00]} 9. O-O {[%emt 0:01:30]} O-O {[%emt 0:00:00]} 10. Bg5 {[%emt 0:00:00]} h6 {[%emt 0:00:30]} 11. Bh4 {[%emt 0:01:00]} Bc5 {[%emt 0:01:30]} 12. Kh1 {[%emt 0:06:30]} d6 {[%emt 0:00:30]} 13. a3 {[%emt 0:00:30]} a5 {[%emt 0:06:30]} 14. Ne2 {[%emt 0:04:30]} Rb8 {[%emt 0:06:30]} 15. Rb1 {[%emt 0:09:30]} g5 {[%emt 0:05:30]} 16. Bg3 {[%emt 0:00:30]} Be6 {[%emt 0:02:30]} 17. Qd2 {[%emt 0:04:30]} Nh5 {[%emt 0:02:30]} 18. b4 {[%emt 0:04:30]} axb4 {[%emt 0:05:30]} 19. axb4 {[%emt 0:00:00]} Bb6 {[%emt 0:00:00]} 20. f3 {[%emt 0:10:00]} Ra8 {[%emt 0:10:00]} 21. Ra1 {[%emt 0:05:30]} Qf6 {[%emt 0:04:30]} 22. b5 {[%emt 0:04:30]} cxb5 {[%emt 0:06:30]} 23. cxb5 {[%emt 0:00:00]} Nxg3+ {[%emt 0:07:30]} 24. Nxg3 {[%emt 0:00:00]} Bd4 {[%emt 0:01:30]} 25. Ra6 {[%emt 0:07:30]} Rxa6 {[%emt 0:06:30]} 26. bxa6 {[%emt 0:00:30]} Rb8 {[%emt 0:00:30]} 27. Qa5 {[%emt 0:12:30]} Qe7 {[%emt 0:00:30]} 28. Rc1 {[%emt 0:03:55]} Rc8 {[%emt 0:07:30]} 29. Rb1 {[%emt 0:02:46]} Qa7 {[%emt 0:03:30]} 30. Ne2 {[%emt 0:02:17]} Kg7 {[%emt 0:05:18]} 31. h3 {[%emt 0:04:25]} Bf2 {[%emt 0:03:54]} 32. Qb4 {[%emt 0:02:38]} Qc5 {[%emt 0:04:06]} 33. Qd2 {[%emt 0:03:41]} Be3 {[%emt 0:02:24]} 34. Qb2 {[%emt 0:00:19]} Bc4 {[%emt 0:01:44]} 35. Bxc4 {[%emt 0:01:48]} Qxc4 {[%emt 0:00:02]} 36. Ng3 {[%emt 0:00:06]} Bc5 {[%emt 0:02:55]} 37. Qb7 {[%emt 0:00:56]} Qa2 {[%emt 0:03:00]} 38. Nf5+ {[%emt 0:00:43]} Kh7 {[%emt 0:00:42]} 39. Rb2 {[%emt 0:01:03]} Qa1+ {[%emt 0:00:59]} 40. Rb1 {[%emt 0:00:03]} Qa2 {[%emt 0:00:30]} 41. Rd1 {[%emt 0:00:18]} Rd8 {[%emt 0:01:03]} 42. Kh2 {[%emt 0:00:45]} Qe6 {[%emt 0:01:10]} 43. Ra1 {[%emt 0:00:31]} Rd7 {[%emt 0:00:44]} 44. Qb8 {[%emt 0:00:11]} Ba7 {[%emt 0:00:23]} 45. Qf8 {[%emt 0:00:10]} Qf6 {[%emt 0:00:22]} 46. Qc8 {[%emt 0:00:21]} Qd8 {[%emt 0:00:36]} 47. Qc4 {[%emt 0:00:42]} Qb6 {[%emt 0:00:34]} 48. Rd1 {[%emt 0:00:59]} Qc5 {[%emt 0:00:32]} 49. Qe2 {[%emt 0:01:12]} Qb6 {[%emt 0:00:55]} 50. Qa2 {[%emt 0:00:27]} Qc7 {[%emt 0:00:02]} 51. Rb1 {[%emt 0:00:23]} Qc6 {[%emt 0:00:33]} 52. Ng3 {[%emt 0:01:07]} Be3 {[%emt 0:00:25]} 53. Ne2 {[%emt 0:00:00]} Ra7 {[%emt 0:00:58]} 54. Ra1 {[%emt 0:00:22]} Qb5 {[%emt 0:00:02]} 55. Nc3 {[%emt 0:00:41]} Qd3 {[%emt 0:00:43]} 56. Nd5 {[%emt 0:00:27]} Bd4 {[%emt 0:00:00]} 57. Nb4 {[%emt 0:00:36]} Qc3 {[%emt 0:00:44]} 58. Rb1 {[%emt 0:00:10]} Qc8 {[%emt 0:00:36]} 59. Qd5 {[%emt 0:00:32]} Qc5 {[%emt 0:00:33]} 60. Qb3 {[%emt 0:00:38]} Bc3 {[%emt 0:00:25]} 61. Nd3 {[%emt 0:01:38]} Qa5 {[%emt 0:00:17]} 62. Rc1 {[%emt 0:00:00]} Bd2 {[%emt 0:00:45]} 63. Rd1 {[%emt 0:00:51]} Be3 {[%emt 0:00:19]} 64. Nb4 {[%emt 0:00:00]} Bf4+ {[%emt 0:00:31]} 65. Kh1 {[%emt 0:00:26]} Qc5 {[%emt 0:00:23]} 66. Nd3 {[%emt 0:00:27]} Qc6 {[%emt 0:01:04]} 67. Nxf4 {[%emt 0:00:30]} gxf4 {[%emt 0:00:30]} 68. Ra1 {[%emt 0:00:00]} Kg6 {[%emt 0:00:00]} 69. Qa3 {[%emt 0:00:04]} f5 {[%emt 0:00:16]} 70. exf5+ {[%emt 0:00:41]} Kxf5 {[%emt 0:00:01]} 71. Qd3+ {[%emt 0:00:30]} Kf6 {[%emt 0:00:11]} 72. h4 {[%emt 0:00:05]} Qc5 {[%emt 0:00:47]} 73. h5 {[%emt 0:00:52]} Rg7 {[%emt 0:00:22]} 74. Rd1 {[%emt 0:01:34]} Ke6 {[%emt 0:00:29]} 75. Qb3+ {[%emt 0:00:29]} d5 {[%emt 0:00:42]} 76. Ra1 {[%emt 0:00:49]} 0-1

[Event "Turkish Women-ch Arzum 2022"]
[Site "Ayvalik"]
[Date "2022.03.07"]
[Round "4.17"]
[White "Alagoz, Zumra Meryem"]
[Black "Engin, Cagla"]
[Result "1/2-1/2"]
[WhiteElo "1573"]
[BlackElo "1436"]
[Annotator "NA RC"]
[PlyCount "100"]
[EventDate "2022.03.04"]
[EventType "swiss"]
[EventCountry "TUR"]
[SourceTitle "playchess.com"]
[Source "ChessBase"]
[SourceQuality "1"]
[TimeControl "5400+30"]

1. e4 {[%emt 0:01:00]} d6 {[%emt 0:01:00]} 2. d4 {[%emt 0:00:30]} g6 {[%emt 0:00:30]} 3. Nc3 {[%emt 0:00:00]} Bg7 {[%emt 0:00:00]} 4. f4 {[%emt 0:00:00]} Nf6 {[%emt 0:01:00]} 5. Nf3 {[%emt 0:00:30]} c5 {[%emt 0:02:30]} 6. Bb5+ {[%emt 0:00:30]} Bd7 {[%emt 0:02:30]} 7. e5 {[%emt 0:00:30]} Ng4 {[%emt 0:04:30]} 8. e6 {[%emt 0:00:30]} Bxb5 {[%emt 0:06:30]} 9. exf7+ {[%emt 0:00:00]} Kf8 {[%emt 0:00:30]} 10. Nxb5 {[%emt 0:07:00]} Qa5+ {[%emt 0:03:30]} 11. Nc3 {[%emt 0:00:00]} Nc6 {[%emt 0:01:30]} 12. Bd2 {[%emt 0:14:00]} cxd4 {[%emt 0:03:30]} 13. Ne4 {[%emt 0:07:30]} Qd5 {[%emt 0:03:30]} 14. Nfg5 {[%emt 0:01:30]} Nf6 {[%emt 0:03:30]} 15. Qf3 {[%emt 0:02:30]} Nxe4 {[%emt 0:02:30]} 16. Nxe4 {[%emt 0:00:00]} Qe6 {[%emt 0:03:30]} 17. O-O {[%emt 0:02:00]} h6 {[%emt 0:01:30]} 18. Rae1 {[%emt 0:08:30]} Qxf7 {[%emt 0:02:30]} 19. Qg4 {[%emt 0:07:30]} Kg8 {[%emt 0:06:30]} 20. Qd7 {[%emt 0:05:30]} Rb8 {[%emt 0:02:30]} 21. b4 {[%emt 0:02:30]} a6 {[%emt 0:02:30]} 22. a4 {[%emt 0:02:30]} Qd5 {[%emt 0:04:30]} 23. Rf3 {[%emt 0:13:30]} Kh7 {[%emt 0:02:30]} 24. Rh3 {[%emt 0:04:52]} Rhe8 {[%emt 0:08:30]} 25. b5 {[%emt 0:03:15]} axb5 {[%emt 0:02:30]} 26. axb5 {[%emt 0:01:15]} Na7 {[%emt 0:07:30]} 27. Ng5+ {[%emt 0:06:31]} Kg8 {[%emt 0:00:30]} 28. Nf3 {[%emt 0:01:37]} Rbd8 {[%emt 0:05:17]} 29. Qg4 {[%emt 0:00:41]} Qf5 {[%emt 0:00:44]} 30. Qh4 {[%emt 0:01:53]} e6 {[%emt 0:01:38]} 31. g4 {[%emt 0:00:51]} Qxc2 {[%emt 0:00:51]} 32. Rxe6 {[%emt 0:00:35]} Nxb5 {[%emt 0:02:44]} 33. f5 {[%emt 0:01:16]} g5 {[%emt 0:03:59]} 34. Bxg5 {[%emt 0:01:36]} Rxe6 {[%emt 0:02:06]} 35. fxe6 {[%emt 0:00:46]} hxg5 {[%emt 0:00:47]} 36. Qxg5 {[%emt 0:00:27]} Re8 {[%emt 0:02:00]} 37. Qxb5 {[%emt 0:01:23]} Rxe6 {[%emt 0:00:54]} 38. Qd5 {[%emt 0:01:47]} Qd1+ {[%emt 0:00:03]} 39. Kf2 {[%emt 0:00:35]} Qe2+ {[%emt 0:00:30]} 40. Kg3 {[%emt 0:00:00]} Kf8 {[%emt 0:00:05]} 41. Qf5+ {[%emt 0:00:34]} Ke8 {[%emt 0:01:03]} 42. Qh5+ {[%emt 0:00:49]} Kd7 {[%emt 0:00:28]} 43. Qf7+ {[%emt 0:00:23]} Re7 {[%emt 0:00:33]} 44. Qf5+ {[%emt 0:00:29]} Kc7 {[%emt 0:00:14]} 45. Qa5+ {[%emt 0:00:42]} b6 {[%emt 0:00:34]} 46. Qa7+ {[%emt 0:00:35]} Kc6 {[%emt 0:00:13]} 47. Qa8+ {[%emt 0:00:45]} Kc7 {[%emt 0:00:27]} 48. Qa7+ {[%emt 0:01:41]} Kc6 {[%emt 0:00:07]} 49. Qa4+ {[%emt 0:00:32]} Kc7 {[%emt 0:00:15]} 50. Qa7+ {[%emt 0:00:24]} Kc6 {[%emt 0:00:06]} 1/2-1/2